Estadísticas para Selecciones a las que anotó Paolo Guerrero

Haz click aquí para tomar la prueba!

Estadísticas generales

  • Esta prueba ha sido tomada 11 veces
  • La puntuación promedio es 13 de 17

Estadísticas de respuestas

ConfederaciónPaísGolesÚltimo año% Correcto
ConmebolBolivia52019
100%
ConmebolEcuador22006
100%
ConcacafMéxico12011
100%
ConmebolArgentina12016
100%
ConmebolChile52019
100%
ConmebolBrasil12019
100%
ConmebolColombia22007
100%
ConmebolUruguay42017
100%
ConmebolVenezuela52017
100%
ConmebolParaguay52017
100%
ConcacafHaiti12016
80%
CAFNigeria12012
70%
ConcacafJamaica12017
60%
AFCAustralia12018
50%
AFCArabia Saudi22018
30%
CAFSenegal12011
30%
AFCCatar12014
10%

Distribución de puntuación

Porcentaje por número respondido

Porcentaje de gente con cada puntuación

Historial de tus puntuaciones

No has tomado esta prueba